Belgium in the Eurovision Song Contest - Statistics

General Stats
  • This quiz has been taken 20 times
    3 since last reset
  • The average score is 11 of 68
Answer Stats
Answer % Correct
Because of You
100%
Dancing on the Ice
100%
Miss You
100%
Strobe Lights
100%
Before the Party's Over
67%
City Lights
67%
J'aime la vie
67%
Me and My Guitar
67%
Mother
67%
Rhythm Inside
67%
The Wrong Place
67%
A Matter of Time
33%
Je t'adore
33%
Love Kills
33%
Wake Up
33%
What's The Pressure
33%
Would You?
33%
1 Life
0%
À la folie ou pas du tout
0%
Als het weer lente is
0%
A Million in One, Two, Three
0%
Avanti la vie
0%
Baby Baby
0%
Copycat
0%
Dis oui
0%
Door de wind
0%
Envie de vivre
0%
Euro-Vision
0%
Fleur de liberté
0%
Geef het op
0%
Gelukkig zijn
0%
Goeie morgen, morgen
0%
Hey Nana
0%
Hou toch van mij
0%
Iemand als jij
0%
Ik heb zorgen
0%
Jennifer Jennings
0%
Judy et Cie
0%
Laat me nu gaan
0%
Laissez briller le soleil
0%
L'amour ça fait chanter la vie
0%
La voix est libre
0%
Le Grand Soir
0%
Le Plus Beau Jour de ma vie
0%
Liefde is een kaartspel
0%
Like The Wind
0%
Love Power
0%
Macédomienne
0%
Ma petite chatte
0%
Messieurs les noyés de la Seine
0%
Mon amour pour toi
0%
Nous on veut des violons
0%
O Julissi
0%
Près de ma rivière
0%
Quand tu reviendras
0%
Rendez-vous
0%
Samson
0%
Sanomi
0%
September, gouden roos
0%
Sister
0%
Si tu aimes ma musique
0%
Soldiers of Love
0%
Straatdeuntje
0%
Ton nom
0%
Un peu de poivre, un peu de sel
0%
Viens l'oublier
0%
Waarom?
0%
With Love Baby
0%
No matching quizzes found
Score Distribution
Percent of People with Each Score
Percentile by Number Answered
Your Score History
You have not taken this quiz since the last reset